|
|
|
|
| LEADER |
01154cam a2200349 a 4500 |
| 001 |
026476 |
| 003 |
AR-BeUNQ |
| 005 |
20250217100122.0 |
| 007 |
ta |
| 008 |
140616s1959||||ag b 000 e spa d |
| 999 |
|
|
|c 24353
|d 99740
|
| 040 |
|
|
|a AR-BeUNQ
|b spa
|e aacr
|c AR-BeUNQ
|
| 044 |
|
|
|a ag
|
| 082 |
0 |
4 |
|a B 860
|2 21
|
| 100 |
1 |
|
|9 4930
|a Jofre Barroso, Haydée,
|d 1916-2006
|
| 245 |
1 |
0 |
|a Esquema histórico de la literatura brasileña /
|c Haydée M. Jofré Barroso.
|
| 260 |
|
|
|a Buenos Aires :
|b Nova,
|c 1959.
|
| 300 |
|
|
|a 171 p. ;
|c 18 cm.
|
| 490 |
1 |
|
|a Compendios Nova de iniciación cultural ;
|v 33
|
| 504 |
|
|
|a Bibliografía: p. 169-170.
|
| 650 |
|
7 |
|a Literatura (Arte)
|2 spines
|
| 650 |
|
7 |
|a Literatura brasilera
|2 ttll
|
| 650 |
|
7 |
|a Literatura colonial
|2 ttll
|
| 650 |
|
7 |
|a Romanticismo en la literatura
|2 ttll
|
| 650 |
|
7 |
|a Modernismo en la literatura
|2 ttll
|
| 653 |
|
|
|a Análisis literario
|
| 653 |
|
|
|a Neoclasicismo
|
| 653 |
|
|
|a Naturalismo
|
| 653 |
|
|
|a Simbolismo
|
| 830 |
|
0 |
|a Compendios Nova de iniciación cultural (Nova).
|n 33
|
| 929 |
|
|
|a DONACION
|b Biblioteca Nacional
|d 500,00E
|e 20130117
|f PAT0047610
|g 2270
|j 51664
|
| 942 |
|
|
|c LIB
|n 0
|